ბათუმის შოთა რუსთაველის სახელმწიფო უნივერსიტეტის ბიბლიოთეკა

ადამიანის ნორმალური ანატომია : (ბიბ.ჩანაწერი № 56649)

000 -ლიდერი
ფიქსირებული სიგრძის საკონტროლო ველი 01182nam a2200241Ia 4500
001 - საკონტროლო ნომერი
საკონტროლო ველი 23771
003 - საკონტროლო ნომრის იდენტიფიკატორი
საკონტროლო ველი GE_BSU
005 - ბოლო ოპერაციის თარიღი და დრო
საკონტროლო ველი 20250520121628.0
008 - ფიქსირებული სიგრძის მონაცემთა ელემენტები - ზოგადი ინფორმაცია
ფიქსირებული სიგრძის საკონტროლო ველი 181216s1965||||ge |||||||||||||| ||geo||
040 ## - კატალოგიზაციის წყარო
Transcribing agency GE_BSU
041 ## - ენის კოდი
Language code of text/sound track or separate title geo
080 ## - უნივერსალური ათობითი კლასიფიკაციის ინდექსი
Universal Decimal Classification number 611(075.8) ნ-19
100 ## - მთავარი ჩანაწერი - პიროვნების სახელი
Personal name ნათიშვილი, ა.
9 (RLIN) 23488
245 ## - ცნობა სათაურის შესახებ
Title ადამიანის ნორმალური ანატომია :
Remainder of title [სახელმძღვ. სამედ. ინ-ტის სტუდენტებისათვის] /
Statement of responsibility, etc ა. ნათიშვილი; რედ. ნ. ჯავახიშვილი., მ. ტატიშვილი
250 ## - გამოცემის ცნობა
Edition statement მე-2 გამოც.
264 ## - წარმოების, გამოცემის, დისტრიბუციის და სხვა ცნობები
გამოცემის, წარმოების, დისტრიბუციის... ადგილი თბილისი
გამოცემის, წარმოების, დისტრიბუციის... სახელწოდება განათლება,
გამოცემის, წარმოების, დისტრიბუციის... თარიღი 1965.
300 ## - ფიზიკური აღწერა
Extent 624 გვ. :
Other physical details 1ფ. პორტრ. ილ. ;
Dimensions 27 სმ..
653 ## - INDEX TERM--UNCONTROLLED
Uncontrolled term ადამიანის ნორმალური ანატომია
653 ## - INDEX TERM--UNCONTROLLED
Uncontrolled term მედიცინა
700 ## - ADDED ENTRY--PERSONAL NAME
Personal name ჯავახიშვილი, ნ.
Relator term რედაქტორი
9 (RLIN) 25078
700 ## - ADDED ENTRY--PERSONAL NAME
Personal name ტატიშვილი, მ.
Relator term რედაქტორი
9 (RLIN) 23489
942 ## - ADDED ENTRY ELEMENTS (KOHA)
Koha item type წიგნი
Source of classification or shelving scheme
ეგზემპლარები
ჩამოწერის სტატუსი დაკარგული ეგზემპლარის სტატუსი კლასიფიკაციის წყარო ან თაროზე გაწყობის სქემა დაზიანების სტატუსი არ გაიცემა მუდმივი მდებარეობა (დაცვის ადგილი) ამჟამინდელი ადგილსამყოფელი თაროზე განთავსების ადგილი შეძენის თარიღი სრული შენახვის შიფრი შტრიხკოდი ბოლო ოპერაციის თარიღი ეგზემპლარის მიმდევრობითი ნომერი (კეტერი?) ფასის ძალაში შესვლის თარიღი ეგზემპლარის სახეობა საჯარო შენიშვნა
          ბათუმის შოთა რუსთაველის სახელმწიფო უნივერსიტეტის მთავარი ბიბლიოთეკა ბათუმის შოთა რუსთაველის სახელმწიფო უნივერსიტეტის მთავარი ბიბლიოთეკა წიგნსაცავი 2018-12-17 611(075.8) ნ-19 28559 2018-12-17 28559 2018-12-17 წიგნი 25 ლ.